[Rezension von: Hendrik J. Horn, The Golden Age revisited]

Saved in:
Bibliographic Details
Published in:Kunstform 3(2002), 11
Main Author: Raupp, Hans-Joachim (Author, VerfasserIn)
Document Type: Online Resource Article
Language:German
Published: 2002
Subjects:
Online Access:kostenfrei
Related Items:Enthalten in: Kunstform
Rezension von: The Golden Age revisited
Author Notes:rezensiert von Hans-Joachim Raupp
LEADER 01692caa a2200349 c 4500
001 1920627731
003 DE-627
005 20260418200525.0
007 cr uuu---uuuuu
008 250326s2002 xx |||||oo 00| ||ger c
035 |a (DE-627)1920627731 
035 |a (DE-599)KXP1920627731 
035 |a (OCoLC)1533747555 
040 |a DE-627  |b ger  |c DE-627  |e rda 
041 |a ger 
084 |a KUNST  |q DE-16  |2 fid 
100 1 |a Raupp, Hans-Joachim  |d 1949-  |e VerfasserIn  |0 (DE-588)172326125  |0 (DE-627)704727064  |0 (DE-576)16266706X  |4 aut 
245 1 0 |a [Rezension von: Hendrik J. Horn, The Golden Age revisited]  |c rezensiert von Hans-Joachim Raupp 
264 1 |c 2002 
300 |b Illustrationen 
336 |a Text  |b txt  |2 rdacontent 
337 |a Computermedien  |b c  |2 rdamedia 
338 |a Online-Ressource  |b cr  |2 rdacarrier 
655 7 |a Rezension  |0 (DE-588)4049712-4  |0 (DE-627)106186019  |0 (DE-576)209083166  |2 gnd-content 
773 0 8 |i Enthalten in  |t Kunstform  |d München : Ludwig-Maximilians-Universität München, Institut für Kunstgeschichte, 2000  |g 3(2002), 11  |h Online-Ressource  |w (DE-627)382929004  |w (DE-600)2140180-9  |w (DE-576)281244731  |x 1618-7199  |7 nnas 
773 1 8 |g volume:3  |g year:2002  |g number:11 
787 0 8 |i Rezension von  |a Horn, Hendrik J., 1940 -   |t The Golden Age revisited  |d Doornspijk : Davaco Publ., 2000  |w (DE-627)1161652280  |w (DE-576)091652286  |z 9070288664 
856 4 0 |u https://www.arthistoricum.net/kunstform/rezension/ausgabe/2002/11/3209  |x Verlag  |z kostenfrei  |3 Volltext  |7 0 
951 |a AR 
994 |u https://www.arthistoricum.net/themen/rezensionen/kunstform/rezension/ausgabe/2002/11/3209 
991 |a Rezension (Monographie, Zeitschrift, Aufsatz) 
999 |a KXP-PPN1920627731  |e 4953862090